Paesi con l’età Media più Anziana - Statistics

Statistiche generali
  • Questo quiz è stato fatto 4.371 volte
  • Il punteggio medio è 12 su 20
Statistiche sulle risposte
Età Media Paese % Corretto
48.1 Italia
99%
49.5 Giappone
86%
46.7 Germania
85%
46.3 Spagna
85%
46.0 Portogallo
73%
46.2 Grecia
68%
44.8 Austria
61%
45.9 San Marino
57%
45.1 Romania
55%
45.9 Slovenia
53%
45.0 Corea del Sud
52%
44.8 Croazia
51%
56.2 Monaco
51%
44.5 Ungheria
49%
44.7 Bulgaria
47%
48.1 Andorra
46%
45.3 Ucraina
46%
44.7 Estonia
43%
45.2 Lettonia
43%
45.0 Lituania
42%
Nessun quiz corrispondente trovato
Distribuzione punteggi
Percentuale di utenti per punteggio
Percentile per numero di risposta
I tuoi punteggi nel tempo
Non hai fatto questo quiz